Datum a čas kvízu
34
Celkem bodů
Celkový počet nahraných bodů na tomto kvízu bez doplňovacích otázek.
3.
Pořadí na kvízu
Konečné umístění týmu na tomto kvízu.
Zaznamenané odpovědi
| # | Otázka | Odpověď | Body | Výsledky |
|---|---|---|---|---|
| 1. | Vláda ve středu schválila vzni... | Křivoklátsko | 1 | |
| 2. | Ve čtvrtek vystoupil na konfer... | C) Jak dostat Putina před soud | 0 | |
| 3. | Minulý týden kolovala internet... | A) postrádala typické vlnky na povrchu | 1 | |
| 4. | Dosavadním rozvážkovým službám... | Česká pošta, COOP | 1 | |
| 5. | Která sportovkyně v sobotu uko... | Markéta Davidová | 1 | |
| 6. | Téma o nejpoužívanějších aplik... | Bolt | 1 | |
| 7. | Počet aktivních uživatelů je c... | Snapchat | 1 | |
| 8. | Ve které aplikaci najdeme tako... | Waze | 1 | |
| 9. | Ve které z těchto zemí jako v... | C | 1 | |
| 10. | Tento Evropan má kratičké příj... | Spotify | 0 |